Liệt Tử và Dương Tử
Nội dung sách giới thiệu về nhân vật Liệt Ngự Khấu; nguồn gốc tác phẩm Xung hư chân kinh; tư tưởng của Liệt Tử và Dương Tử; Liệt Tử.
Shranjeno v:
| Glavni avtor: | |
|---|---|
| Format: | Knjiga |
| Jezik: | Vietnamese |
| Izdano: |
H.
Hồng Đức
2021
|
| Serija: | Bách gia tranh minh
|
| Teme: | |
| Oznake: |
Označite
Brez oznak, prvi označite!
|
| Thư viện lưu trữ: | Thư viện Trường Đại học Nam Cần Thơ |
|---|
| LEADER | 00960nam a22002057a 4500 | ||
|---|---|---|---|
| 001 | NCT_89855 | ||
| 008 | 210508b xxu||||| |||| 00| 0 vie d | ||
| 999 | |c 4432 |d 4432 | ||
| 020 | |a 9786043214499 |c 108000 | ||
| 082 | 0 | 4 | |2 23rd ed. |a 181.11 |b L250 |
| 100 | 1 | |a Nguyễn Hiến Lê | |
| 245 | 1 | 0 | |a Liệt Tử và Dương Tử |c Nguyễn Hiến Lê |
| 260 | |a H. |b Hồng Đức |c 2021 | ||
| 300 | |a 219 tr. |c 21cm | ||
| 490 | 0 | |a Bách gia tranh minh | |
| 520 | 3 | |a Nội dung sách giới thiệu về nhân vật Liệt Ngự Khấu; nguồn gốc tác phẩm Xung hư chân kinh; tư tưởng của Liệt Tử và Dương Tử; Liệt Tử. | |
| 653 | |a Tham khảo | ||
| 942 | |2 ddc |c BK | ||
| 952 | |0 0 |1 0 |2 ddc |4 0 |6 181_110000000000000_L250 |7 0 |9 21240 |a 000001 |b 000001 |d 2021-05-08 |o 181.11 L250 |p TK.02381 |r 2021-05-08 |v 108000.00 |w 2021-05-08 |y BK | ||
| 980 | |a Thư viện Trường Đại học Nam Cần Thơ | ||


